[Event "Santa Cruz Rio Turbio op"]
[Site "Santa Cruz"]
[Date "2023.06.20"]
[Round "7"]
[White "Reyes Segovia, Cristhopher"]
[Black "Quispe Andia, Ubaldo Natalio"]
[Result "1-0"]
[WhiteElo "1791"]
[BlackElo "1598"]
[PlyCount "131"]
[EventDate "2023.06.17"]
[EventType "swiss"]
[EventRounds "7"]
[EventCountry "ARG"]
[SourceTitle "CBM 215 Extra"]
[Source "ChessBase"]
[SourceDate "2023.09.30"]
[SourceVersion "1"]
[SourceVersionDate "2023.09.30"]
[SourceQuality "1"]

1. d4 d6 2. c4 Nf6 3. Nc3 g6 4. e4 Bg7 5. f3 0-0 6. Be3 Nc6 7. Qd2 Re8 8. Nge2 a6 9. d5 Ne5 10. Nd4 Rb8 11. h3 c6 12. f4 Ned7 13. dxc6 Nc5 14. Qc2 e5 15. fxe5 Rxe5 16. Nf3 Re7 17. e5 bxc6 18. 0-0-0 Nfd7 19. Rxd6 Qc7 20. Qd2 Nb7 21. Rd4 Nxe5 22. Bf4 Qb6 23. c5 Qa5 24. Bc4 Ra8 25. Nxe5 Bxe5 26. Bxe5 Rxe5 27. Rf1 Re7 28. Qh6 Qxc5 29. Rh4 Qe3+ 30. Qxe3 Rxe3 31. Rxf7 Nd6 32. Rc7+ Nxc4 33. Rxc4 Bf5 34. Nd1 Re2 35. g4 Be4 36. Re7 Bd5 37. Rxe2 Bxc4 38. Rc2 Bd5 39. Nc3 Bf3 40. Rf2 Bh1 41. Rf4 Kg7 42. Ra4 Bg2 43. h4 Ra7 44. Ra5 Kf6 45. Kc2 h6 46. Na4 Bf1 47. Rc5 Bb5 48. Nc3 Ke6 49. a4 Kd6 50. Ne4+ Ke6 51. axb5 cxb5 52. Rc6+ Ke5 53. Nd2 h5 54. gxh5 gxh5 55. Rc5+ Kf4 56. Rxh5 b4 57. Kb3 a5 58. Ka4 Ke3 59. Nc4+ Kd3 60. Nxa5 Kc2 61. b3 Kc3 62. Rc5+ Kd3 63. Kxb4 Rh7 64. h5 Rh6 65. Kb5 Kd4 66. Nc6+ 1-0